| 000 | 01462 a2200265 4500 | ||
|---|---|---|---|
| 003 | Nust | ||
| 005 | 20220730113045.0 | ||
| 010 | _a 2003109625 | ||
| 020 | _a0534383173 | ||
| 035 | _a(DLC) 2003109625 | ||
| 040 | _cNust | ||
| 082 | 0 | 0 | _a004.65,SHA |
| 100 | 1 |
_aShay, William A. _995905 |
|
| 245 | 1 | 0 |
_aUnderstanding data communications and networks / _cWilliam A. Shay. |
| 250 | _a3rd ed. | ||
| 260 |
_aAustralia ; _aBelmont, Calif. : _bThomson Brooks/Cole, _cc2004. |
||
| 300 |
_axxv, 766 p. : _bill. ; _c25 cm. |
||
| 505 | _aIntroduction to Communications, Standards, and Protocols (Page-1), Transmission Media and Codes (Page-54), Analog and Digital Signals (Page-97), Making Connections (Page-144), Data Compression (Page-215), Data Integrity (Page-258), Data Security (Page-279), Flow Control (Page-350), Local Area Networks (Page-396), Connecting Networks (Page-462), Internet Protocols and Applications (Page-524), Internet Programming (Page-616), Circuit Technologies (Page-677). | ||
| 650 | 0 | 0 |
_aComputer networks. _93677 |
| 650 | 0 | 0 |
_aData transmission systems. _917977 |
| 856 | 4 | 2 |
_3Contributor biographical information _uhttp://www.loc.gov/catdir/enhancements/fy1302/2003109625-b.html |
| 856 | 4 | 2 |
_3Publisher description _uhttp://www.loc.gov/catdir/enhancements/fy1302/2003109625-d.html |
| 856 | 4 | 2 |
_3Table of contents only _uhttp://www.loc.gov/catdir/enhancements/fy1302/2003109625-t.html |
| 942 |
_2ddc _cBK _k004.65,SHA |
||
| 999 |
_c193316 _d193316 |
||